ARRUPE JESUIT UNIVERSITY

CORONAVIRUS -STOP THE SPREAD - CLEAN,DISINFECT,COVER

Kant / (Record no. 120068)

MARC details
000 -LEADER
fixed length control field 00972cam a22002894a 4500
001 - CONTROL NUMBER
control field 13421957
003 - CONTROL NUMBER IDENTIFIER
control field ARRUPE
005 - DATE AND TIME OF LATEST TRANSACTION
control field 20141106020006.0
008 - FIXED-LENGTH DATA ELEMENTS--GENERAL INFORMATION
fixed length control field 031203s2005 mau b 001 0 eng
010 ## - LIBRARY OF CONGRESS CONTROL NUMBER
LC control number 2003026374
020 ## - INTERNATIONAL STANDARD BOOK NUMBER
International Standard Book Number 0631232818
020 ## - INTERNATIONAL STANDARD BOOK NUMBER
International Standard Book Number 0631232826 (pbk.)
040 ## - CATALOGING SOURCE
Original cataloging agency DLC
Transcribing agency DLC
Modifying agency DLC
042 ## - AUTHENTICATION CODE
Authentication code pcc
050 00 - LIBRARY OF CONGRESS CALL NUMBER
Classification number B2798
Item number .W88 2005
300 ## - PHYSICAL DESCRIPTION
Dimensions 24 cm.
100 1# - MAIN ENTRY--PERSONAL NAME
Personal name Wood, Allen W.
9 (RLIN) 8688
245 10 - TITLE STATEMENT
Title Kant /
Statement of responsibility, etc Allen W. Wood.
260 ## - PUBLICATION, DISTRIBUTION, ETC. (IMPRINT)
Place of publication, distribution, etc Malden, MA :
Name of publisher, distributor, etc Blackwell Pub.,
Date of publication, distribution, etc 2005.
300 ## - PHYSICAL DESCRIPTION
Extent xiv, 195 p. ;
440 #0 - SERIES STATEMENT/ADDED ENTRY--TITLE
Title Blackwell great minds ;
Volume number/sequential designation 1
9 (RLIN) 8689
504 ## - BIBLIOGRAPHY, ETC. NOTE
Bibliography, etc Includes bibliographical references and index.
600 10 - SUBJECT ADDED ENTRY--PERSONAL NAME
Personal name Kant, Immanuel,
Dates associated with a name 1724-1804.
9 (RLIN) 8690
856 41 - ELECTRONIC LOCATION AND ACCESS
Materials specified Table of contents
Uniform Resource Identifier <a href="http://www.loc.gov/catdir/toc/ecip0412/2003026374.html">http://www.loc.gov/catdir/toc/ecip0412/2003026374.html</a>
906 ## - LOCAL DATA ELEMENT F, LDF (RLIN)
a 7
b cbc
c orignew
d 1
e ecip
f 20
g y-gencatlg
942 ## - ADDED ENTRY ELEMENTS (KOHA)
Source of classification or shelving scheme Library of Congress Classification
Koha item type Monograph ( Printed materials)
Koha issues (borrowed), all copies 8
Holdings
Withdrawn status Lost status Source of classification or shelving scheme Damaged status Not for loan Home library Current library Shelving location Date acquired Total Checkouts Full call number Barcode Date last seen Date checked out Price effective from Koha item type
    Library of Congress Classification     ARRUPE LIBRARY ARRUPE LIBRARY Main Collection 17/02/2014 12 B2798 .W88 2005 46500002291 10/11/2023 09/10/2023 17/02/2014 Monograph ( Printed materials)

 

Arrupe Library. PO Box MP320 Mt Pleasant, Harare, Zimbabwe
263 242 745411|librarian@aju.ac.zw